00422nam a2200145Ia 4500003000400000008004100004040001600045082001800061100002300079245006300102260003200165300001000197650003400207650003500241GCL140319s9999 xx 000 0 eng d aGCL / cGCL04a428.0076bS H1 aSHARPE, PAMELA . J10aHOW TO PREPARE FOR THE TOEFL TEST ? / cSHARPE, PAMELA . J a[S.N] : bBARRONS ، c1996 a610 P04aENGLISH AS A FOREIGN LANGUAGE04aENGLISH LANGUAGE - STUDY GUIDE